000 00645nam a22002417a 4500
003 UA-OsUOA
001 28056
007 ta
008 20040922b un ||||| |||| 00| 0 ukr d
090 _a811(111+161.2+162.1)
_bР89
942 _cBK
040 _aUA-OsUOA
_brus
_cUA-OsUOA
_dUA-OsUOA
245 _aРусско-англо-польский разговорник
_cСост. В.С.Кузнецов
300 _a64 с.
_bІлюстрації
955 _a0
041 _arus
080 _a811(111+161.2+162.1)
020 _a5-7707-1384-4
260 _aКиев
_bИнкос
_c1992
044 _aRU
650 7 _2UDC
999 _c314411
_d314411